000 01226nmc a2200409 a 4500
003 AR-BaBNM
005 20251128211805.0
008 146020s2005 ||||||||||||||000 | spa||
020 _a84-9700-232-6
040 _cAR-BaBNM
245 1 0 _aEducación especial
_borientaciones prácticas
260 _aMálaga
_bEdiciones Aljibe
_c2005
300 0 _a234 p.
490 0 _aEducación especial
504 _aContiene referencias bibliográficas
650 4 _aEDUCACION ESPECIAL
650 4 _aORGANIZACION ESCOLAR
650 4 _aCURRICULO
651 4 _aEspaña
653 0 _aNECESIDADES EDUCATIVAS ESPECIALES
653 0 _aADAPTACIONES CURRICULARES
653 0 _aDISCAPACIDAD AUDITIVA
653 0 _aDISCAPACIDAD MENTAL
653 0 _aDISCAPACIDAD MOTORA
653 0 _aDISCAPACIDAD VISUAL
653 0 _aEDUCACION HOSPITALARIA
700 1 _aGrau Rubio, Claudia
_ecoordinador
700 1 _aArocas Sanchís, Emma
700 1 _aGarcía Blanco, Julián
700 1 _aMartínez Francés, María Dolores
700 1 _aNadal Morant, María José
700 1 _aPeirats Chacón, José
700 1 _aZaragoza Vivó, Concepción
800 1 _aSalvador Mata, Francisco
942 _cBK
998 _cme-solo cat
999 _c21126
_d21126